Guess the celebrity - 2025 TV hits - Statistics

General Stats
  • This quiz has been taken 22 times
  • The average score is 6 of 16
Answer Stats
Picture Hint Answer % Correct
The Terminal List: Dark Wolf Chris Pratt
90%
Long Bright River Amanda Seyfried
71%
Chad Powers Glen Powell
67%
Irish Blood Alicia Silverstone
48%
Black Rabbit Jason Bateman
48%
Sirens Julianne Moore
43%
The Beast in Me Claire Danes
38%
All Her Fault Sarah Snook
33%
Dying for Sex Jenny Slate
29%
The Studio Kathryn Hahn
29%
Pluribus Rhea Seehorn
29%
A Thousand Blows Stephen Graham
24%
The Pitt Taylor Dearden
14%
Overcompensating Benito Skinner
10%
The Hunting Party Josh McKenzie
10%
The Girlfriend Laurie Davidson
10%
No matching quizzes found
Score Distribution
Percent of People with Each Score
Percentile by Number Answered
Your Score History
You have not taken this quiz